Přírodní zdroje - energie, suroviny, biomasa

Prírodné zdroje, ich vymedzenie a klasifikácia. Globálny surovinový a energetický problém. Evolúcia vybratých zložiek prírody. Rozdelenie degradovaných pôd vo svete.

Salvato in:
Dettagli Bibliografici
Autore principale: Jeníček, Vladimír
Natura: Capitolo di libro
Lingua:ceco
Soggetti:
Tags: Aggiungi Tag
Nessun Tag, puoi essere il primo ad aggiungerne!!

MARC

LEADER 00000naa a2200000 4500
001 r026690
005 20230922110354.3
041 0 |a cze 
044 |a CZ 
245 1 0 |a Přírodní zdroje - energie, suroviny, biomasa  |c Vladimír Jeníček 
520 |a Prírodné zdroje, ich vymedzenie a klasifikácia. Globálny surovinový a energetický problém. Evolúcia vybratých zložiek prírody. Rozdelenie degradovaných pôd vo svete. 
610 2 0 |a zdroje prírodné 
610 2 0 |a suroviny 
610 2 0 |a energia 
610 2 0 |a pôda 
610 2 0 |a problémy globálne 
610 2 0 |a bohatstvo prírodné 
100 1 |a Jeníček, Vladimír